1206 1149 1444 1141 1411 1264 1707 1207 1434 1369 1343 1741 1318 1922 1784 1763 1682 1411 1034 1410 1889 1108 1359 1017 1918 1511 1093 1784 1714 1897 1340 1487 1571 1147 1451 1051 1231 1935 1477 1385 1340 1656 1147 1844 1145 1358 1400 1507 1744 1576 1211 1534 1788 1033 1421 1659 1314 1193 1755 1323 1778 1385 1526 1147 1546 1464 1351 1199 1466 1403 1652 1649 1377 1428 1880 1031 1432 1835 1309 1228 1707 1611 1690 1196 1043 1044 1662 1662 1536 1170 1841 1072 1619 1231 1890 1783 1152 1654 1204 BCNSPRNW ULIB Ver.6.0+V

เปลี่ยนเป็นภาษาไทย

Change to English
 แสดงรายละเอียดบรรณานุกรม
  กลับหน้าหลัก

Brief Record : Get Marc (ISO 2709) : E-mail record : QR code < ปิดหน้าต่าง
LEADER : 00000nam 2200000uu 4500
001    13399128859
003     ULIB
008    020711s2566 th a 000 0 tha d
020    ^a9786160047253
050    ^aนว^bค334น
100    ^aคามิเลียสีชมพู
245    ^aนาคาเกี้ยวจันทร์/^cคามิเลียสีชมพู
260    ^aกรุงเทพฯ :^bสถาพรบุ๊คส์,^c2566
300    ^a599 หน้า;^b21 ซม.
650    ^aนวนิยายไทย
945    ^p420^l0^i011118
999    ^aประนอม เกษจรัล
รายการนี้ยังไม่มีแท็ก
คุณยังไม่ได้ล็อกอิน คุณสามารถมีกิจกรรมร่วมกับเว็บไซต์ได้ แต่ต้องล็อกอินก่อน ::
  ล็อกอิน

รายการสื่อสารสนเทศ

ลำดับที่ ประเภท เลขเรียก/บาร์โค้ด สถานที่ สถานะ
1. นวนิยาย
นวนิยาย
นว ค334น ฉ.1 
  Barcode: 011118
ห้องสมุดวิทยาเขตสวรรค์ประชารักษ์
►นวนิยาย
บนชั้น
  ขอยืม

รายการใกล้เคียง
    ผู้แต่ง [คามิเลียสีชมพู]

    หัวเรื่อง [นวนิยายไทย]

BibComment


ยังไม่เคยถูกคอมเมนท์

คอมเมนท์ทรัพยากรรายการนี้
  คอมเมนท์: นาคาเกี้ยวจันทร์..


 Copyright 2026. Bcnsprnw @Library